Les 10 auteurs les plus vendus de l'histoire - Statistiques

Statistiques générales
  • Ce quiz a été pris 73 fois
  • Le résultat moyen est 2 sur 10
Statistiques - réponses
Les 10 auteurs les plus vendus de l'histoire Nombre de ventes % Correct
J.K.Rowling Plus de 500 millions
81%
Stephen King Plus de 400 millions
49%
Agatha Christie Plus de 2 milliards
33%
William Shakespeare Entre 2 et 4 milliards
25%
Eichiro Oda Plus de 530 millions
10%
Georges Simenon Plus de 700 millions
3%
Barbara Cartland Entre 600 millions et 1 milliard
1%
Danielle Steel Plus de 900 millions
1%
Harold Robbins Plus de 75 millions
0%
R.L.Stine Plus de 400 millions
0%
Aucun quiz correspondant
Distribution des résultats
% des personnes avec chaque résultat
Percentile par nombre de réponses
Votre historique - résultats
Vous n’avez pas pris ce quiz